[Event "Ì15Ï "]
[Site "Loo"]
[Date "2017.04.20"]
[Round "1.32"]
[White "Êîïòåâ, Ðóñëàí."]
[Black "Èâàíîâ, Èëüÿ."]
[Result "0-1"]
[WhiteElo "1814"]
[BlackElo "1498"]
[PlyCount "58"]
[EventDate "2017.04.20"]

1. e4 e6 2. d4 d5 3. Nc3 dxe4 4. Nxe4 Bd7 5. Nf3 Bc6 6. Bd3 Bxe4 7. Bxe4 c6 8.
O-O Nd7 9. c3 Ngf6 10. Bc2 Bd6 11. Bg5 Qc7 12. Re1 O-O 13. Qd3 Rad8 14. Rad1
Bf4 15. Bxf6 Nxf6 16. g3 Bd6 17. Ng5 g6 18. a3 c5 19. Qf3 Be7 20. Bb1 cxd4 21.
cxd4 Qb6 22. b4 Rxd4 23. Rxd4 Qxd4 24. Qxb7 Ng4 25. Ne4 f5 26. Qxe7 fxe4 27.
Qxe6+ Kh8 28. Rf1 Rxf2 29. Qc8+ Rf8+ 0-1

[Event "Ì15Ï "]
[Site "Loo"]
[Date "2017.04.20"]
[Round "1.33"]
[White "Àñòàõîâ, Äìèòðèé."]
[Black "Âëàñîâ, Àëåêñàíäð."]
[Result "0-1"]
[WhiteElo "1495"]
[BlackElo "1808"]
[PlyCount "136"]
[EventDate "2017.04.20"]

1. d4 Nf6 2. c4 e5 3. dxe5 Ne4 4. Nf3 Bb4+ 5. Nbd2 Nc6 6. g3 Qe7 7. Bg2 Nxd2 8.
Bxd2 Bxd2+ 9. Qxd2 Nxe5 10. Nxe5 Qxe5 11. O-O O-O 12. b4 d6 13. f4 Qe7 14. a4
Re8 15. a5 Rb8 16. e4 Bd7 17. Rfe1 f6 18. Re3 Rbd8 19. Rae1 Be6 20. Qc3 Qf7 21.
e5 fxe5 22. fxe5 Bxc4 23. exd6 Rxe3 24. Qxe3 cxd6 25. Qe7 Rd7 26. Qe8+ Qxe8 27.
Rxe8+ Kf7 28. Rb8 d5 29. Rc8 Kf6 30. Re8 a6 31. Kf2 d4 32. Ke1 Bd5 33. Bxd5
Rxd5 34. Rf8+ Ke6 35. Rg8 Rd7 36. Kd2 Kd5 37. Kd3 g6 38. Rc8 h5 39. Rc5+ Ke6
40. Rg5 Kf6 41. Rc5 Ke6 42. Rg5 Kf7 43. Rc5 Kf6 44. h4 Kf7 45. Rg5 Rd6 46. Rc5
Ke6 47. Rg5 Ke7 48. Rc5 Kf6 49. Rg5 b6 50. axb6 Rxb6 51. Kxd4 Rxb4+ 52. Kc3 Rg4
53. Ra5 Rxg3+ 54. Kd2 Rg4 55. Rxa6+ Kf5 56. Ra5+ Kf4 57. Ra6 Kg3 58. Ke2 Kxh4
59. Kf2 Kh3 60. Ra3+ Kh2 61. Ra6 g5 62. Rh6 h4 63. Rh5 Rg2+ 64. Kf1 h3 65. Rh8
g4 66. Rg8 Kg3 67. Rh8 h2 68. Rh7 Rg1+ 0-1

[Event "Ì15Ï "]
[Site "Loo"]
[Date "2017.04.20"]
[Round "1.34"]
[White "Òðàùåíêî, Äàìèð."]
[Black "Ðîìàíîâ, Àëüàìèí."]
[Result "1-0"]
[WhiteElo "1805"]
[BlackElo "1495"]
[PlyCount "55"]
[EventDate "2017.04.20"]

1. e4 e5 2. Nf3 Nc6 3. d4 exd4 4. Nxd4 Bc5 5. Be3 Qf6 6. c3 Nge7 7. Bc4 O-O 8.
O-O Ne5 9. Be2 a5 10. f4 N5c6 11. e5 Qg6 12. f5 Nxf5 13. Nxf5 Bxe3+ 14. Nxe3
Nxe5 15. Nd5 Qd6 16. Na3 Nc6 17. Nb5 Qc5+ 18. Kh1 b6 19. Ndxc7 Rb8 20. Nd6 Ne7
21. Nce8 Nd5 22. Bc4 Ne3 23. Bxf7+ Kh8 24. Qd3 Nxf1 25. Rxf1 Bb7 26. Rf5 Ba6
27. Qg3 Qc6 28. Qxg7# 1-0

[Event "Ì15Ï "]
[Site "Loo"]
[Date "2017.04.20"]
[Round "1.35"]
[White "Ìåäâåäåâ, Äàâèä."]
[Black "Êàðàâàåâ, Àëåêñàíäð."]
[Result "0-1"]
[WhiteElo "1488"]
[BlackElo "1794"]
[PlyCount "68"]
[EventDate "2017.04.20"]

1. d4 Nf6 2. Nf3 g6 3. Bf4 Bg7 4. e3 O-O 5. c4 c6 6. Nc3 d5 7. Be2 Bg4 8. Ne5
Bxe2 9. Qxe2 Nbd7 10. O-O Nxe5 11. Bxe5 Rc8 12. c5 Nd7 13. Bxg7 Kxg7 14. b4 a5
15. a3 b5 16. Qd3 Nf6 17. Rfe1 Ra8 18. e4 dxe4 19. Nxe4 axb4 20. axb4 Rxa1 21.
Rxa1 Qd5 22. Nxf6 Kxf6 23. f3 Rd8 24. Rd1 Kg7 25. Qe4 e5 26. Qxd5 Rxd5 27. Kf2
exd4 28. f4 Kf6 29. Kf3 Rd7 30. Rd3 Ke6 31. Ke4 f5+ 32. Kf3 Kd5 33. g4 Kc4 34.
Rd1 Kxb4 0-1

[Event "Ì15Ï "]
[Site "Loo"]
[Date "2017.04.20"]
[Round "1.36"]
[White "Êîçëîâ, Äåíèñ."]
[Black "Ìàðåâè÷åâ, Åãîð."]
[Result "1-0"]
[WhiteElo "1789"]
[BlackElo "1488"]
[PlyCount "77"]
[EventDate "2017.04.20"]

1. d4 Nf6 2. c4 c5 3. d5 b5 4. Nf3 Bb7 5. a4 Qa5+ 6. Bd2 b4 7. Bf4 d6 8. Nbd2
g6 9. e4 Bg7 10. Qc2 O-O 11. h3 Nbd7 12. Bd3 Qc7 13. O-O e5 14. dxe6 fxe6 15.
Bh2 Qc6 16. Rfe1 e5 17. Nf1 a6 18. Ne3 Rfe8 19. Nd5 Nxd5 20. exd5 Qc7 21. Ng5
Nf8 22. h4 Rad8 23. Re3 Bh6 24. Rg3 Bxg5 25. Rxg5 Rd7 26. Re1 Rg7 27. f4 h6 28.
Rxg6 Nxg6 29. Bxg6 Ree7 30. f5 Rxg6 31. fxg6 Bc8 32. Rf1 Rg7 33. Qf2 Qd8 34.
Qf3 Qe8 35. h5 Qe7 36. Bg3 Kh8 37. Bh4 Qxh4 38. Qf8+ Rg8 39. Qxh6# 1-0

[Event "Ì15Ï "]
[Site "Loo"]
[Date "2017.04.20"]
[Round "1.37"]
[White "Ãîçãåøåâ, Ýëüäàð."]
[Black "Êóìàêîâ, Èâàí."]
[Result "0-1"]
[WhiteElo "1475"]
[BlackElo "1783"]
[PlyCount "76"]
[EventDate "2017.04.20"]

1. c4 Nf6 2. Nf3 e6 3. g3 Bb4 4. Bg2 O-O 5. O-O d5 6. a3 Bd6 7. cxd5 exd5 8. d4
c6 9. Nc3 Bf5 10. Re1 Re8 11. Bg5 h6 12. Bxf6 Qxf6 13. b4 a6 14. Na4 Nd7 15.
Nc5 Bxc5 16. bxc5 b6 17. cxb6 Nxb6 18. Ne5 Qd6 19. a4 f6 20. a5 Nc8 21. Nd3 Na7
22. Nc5 Nb5 23. Qd2 Qc7 24. e4 dxe4 25. Bxe4 Bxe4 26. Rxe4 Rxe4 27. Nxe4 Rd8
28. Ra4 Qa7 29. Qc2 Nxd4 30. Qc4+ Kh8 31. Nc5 Nf3+ 32. Kg2 Ne5 33. Qc3 Rd5 34.
Ne6 Nd3 35. Rd4 Rxd4 36. Nxd4 Ne5 37. Nxc6 Qb7 38. Qd4 Qxc6+ 0-1

[Event "Ì15Ï "]
[Site "Loo"]
[Date "2017.04.20"]
[Round "1.38"]
[White "Íîâèêîâ, Ðîìàí."]
[Black "Öàðüêîâ, Ìèõàèë."]
[Result "1-0"]
[WhiteElo "1781"]
[BlackElo "1471"]
[PlyCount "107"]
[EventDate "2017.04.20"]

1. d4 d5 2. c4 c6 3. Nc3 Nf6 4. Nf3 e6 5. Bg5 Nbd7 6. e3 Qa5 7. Nd2 Bb4 8. Qc2
dxc4 9. Bxf6 Nxf6 10. Nxc4 Bxc3+ 11. bxc3 Qc7 12. Bd3 O-O 13. O-O c5 14. Rab1
b6 15. Ne5 Bb7 16. Rfc1 Rfd8 17. a4 Rac8 18. h3 Bd5 19. Qb2 c4 20. Be2 Nd7 21.
Nxd7 Qxd7 22. Qc2 f5 23. f3 Qd6 24. e4 fxe4 25. fxe4 Bb7 26. e5 Qe7 27. Rf1 Qg5
28. Bf3 Bd5 29. Bxd5 exd5 30. Qc1 Qg6 31. Qe3 Re8 32. Qf3 Qc6 33. Qf7+ Kh8 34.
Qxa7 Ra8 35. Qxb6 Qxa4 36. Rb2 Rf8 37. Rbf2 Rxf2 38. Rxf2 Qa1+ 39. Kh2 Qxc3 40.
Qd6 h6 41. Qxd5 Rg8 42. e6 Qe3 43. Rf3 Qe2 44. Rc3 Re8 45. Qxc4 Qxe6 46. Qxe6
Rxe6 47. d5 Rd6 48. Rd3 Kh7 49. Kg3 Kg6 50. Kf4 Kf6 51. g3 Ra6 52. d6 Ra4+ 53.
Kf3 Ke6 54. d7 1-0

[Event "Ì15Ï "]
[Site "Loo"]
[Date "2017.04.20"]
[Round "1.39"]
[White "Øêðåáêî, Ìèõàèë."]
[Black "Áîçðèêîâ, Ìàòâåé."]
[Result "0-1"]
[WhiteElo "1468"]
[BlackElo "1781"]
[PlyCount "46"]
[EventDate "2017.04.20"]

1. d4 g6 2. c4 Bg7 3. Nc3 c5 4. d5 Bxc3+ 5. bxc3 f5 6. Nf3 d6 7. Bg5 Qa5 8. Qb3
Nd7 9. h4 h6 10. Bd2 Ngf6 11. e3 Nb6 12. Be2 Bd7 13. a3 Ne4 14. Rc1 O-O-O 15.
Bd3 Rdf8 16. Ke2 Qa6 17. Rb1 e5 18. Rb2 Nf6 19. Nh2 e4 20. Bc2 Qxc4+ 21. Qxc4
Nxc4 22. Ra2 Nxd5 23. Bb3 Bb5 0-1

[Event "Ì15Ï "]
[Site "Loo"]
[Date "2017.04.20"]
[Round "1.40"]
[White "Èâëåâ, Àëåêñàíäð."]
[Black "Âîëîäèí, Àíäðåé."]
[Result "0-1"]
[WhiteElo "1778"]
[BlackElo "1467"]
[PlyCount "86"]
[EventDate "2017.04.20"]

1. d4 Nf6 2. Nf3 c5 3. c3 cxd4 4. Nxd4 e5 5. Nb3 d5 6. g3 Be6 7. Bg2 Nc6 8. O-O
Qd7 9. f4 e4 10. Be3 Bh3 11. Bd4 Nxd4 12. Nxd4 h5 13. f5 Bxg2 14. Kxg2 Ng4 15.
Qd2 h4 16. h3 e3 17. Qd3 Qd6 18. Rf4 Nf6 19. Qxe3+ Ne4 20. Nd2 O-O-O 21. Nxe4
dxe4 22. Rxe4 hxg3 23. Qxg3 Qd5 24. Qf3 Bd6 25. Re3 Qc5 26. Nb3 Qb6 27. Rd1 g5
28. fxg6 fxg6 29. Qg4+ Kb8 30. Rf3 Qc6 31. Rdd3 Rde8 32. e3 Ref8 33. Nd4 Qc4
34. Rxf8+ Rxf8 35. Rd2 Qxa2 36. Ne6 Rf6 37. Rxd6 Qxb2+ 38. Kg1 Qf2+ 39. Kh1
Qf1+ 40. Kh2 Rf2+ 41. Kg3 Rg2+ 42. Kh4 Qf6+ 43. Qg5 Qh8+ 0-1

[Event "Ì15Ï "]
[Site "Loo"]
[Date "2017.04.20"]
[Round "1.41"]
[White "Áðàæíèêîâ, Äìèòðèé."]
[Black "Áóêàòèí, Àðñåíèé."]
[Result "1-0"]
[WhiteElo "1465"]
[BlackElo "1772"]
[PlyCount "31"]
[EventDate "2017.04.20"]

1. e4 e5 2. Nf3 Nc6 3. Bb5 a6 4. Bxc6 dxc6 5. O-O Qe7 6. d4 exd4 7. Nxd4 Bd7 8.
Bf4 O-O-O 9. Qe2 h6 10. Nc3 Qf6 11. Be3 Bc5 12. Rad1 Ne7 13. Nf3 Bxe3 14. Qxe3
Ng6 15. Qa7 Rde8 16. Qa8# 1-0

[Event "Ì15Ï "]
[Site "Loo"]
[Date "2017.04.20"]
[Round "1.42"]
[White "Êðàâöîâ, Ìàêñèì."]
[Black "Øè, Ìàêñèì."]
[Result "1-0"]
[WhiteElo "1766"]
[BlackElo "1462"]
[PlyCount "69"]
[EventDate "2017.04.20"]

1. d4 d5 2. c4 c6 3. Nc3 Nf6 4. Nf3 Bf5 5. Qb3 Qb6 6. Na4 Qxb3 7. axb3 e6 8.
Nb6 axb6 9. Rxa8 Bd6 10. e3 O-O 11. Be2 Ne4 12. Nd2 Bb4 13. h4 h6 14. Bf3 Nd7
15. Rxf8+ Kxf8 16. Ke2 Ndf6 17. Rg1 Bxd2 18. Bxd2 Nd6 19. Bb4 Ke7 20. Ra1 Bc2
21. Ra7 Nd7 22. Ra3 c5 23. dxc5 bxc5 24. Bd2 dxc4 25. bxc4 Ne5 26. b3 b5 27.
Ra7+ Kf6 28. Rc7 bxc4 29. bxc4 Nd3 30. Bc3+ e5 31. Rc6 Ke6 32. Kd2 Bb1 33. Rb6
Nb4 34. Bxb4 cxb4 35. c5 1-0

[Event "Ì15Ï "]
[Site "Loo"]
[Date "2017.04.20"]
[Round "1.43"]
[White "Îíèùåíêî, Ãåííàäèé."]
[Black "Ïàâëîâ, Ìèõàèë."]
[Result "0-1"]
[WhiteElo "1451"]
[BlackElo "1762"]
[PlyCount "104"]
[EventDate "2017.04.20"]

1. e4 e6 2. d4 d5 3. Nd2 dxe4 4. Nxe4 Nf6 5. Bg5 Nbd7 6. Nf3 h6 7. Nxf6+ Nxf6
8. Bh4 Be7 9. Bd3 O-O 10. c3 b6 11. Qc2 Bb7 12. Bxf6 Bxf6 13. Be4 Bxe4 14. Qxe4
Qe7 15. O-O Rfd8 16. Rfe1 c5 17. Rad1 cxd4 18. Nxd4 Bxd4 19. Rxd4 Rxd4 20.
Qxa8+ Rd8 21. Qe4 Rd2 22. Re2 Rd1+ 23. Re1 Qd7 24. Qe2 Rd2 25. Qf3 Rxb2 26.
Qa8+ Kh7 27. Qe4+ g6 28. Qf3 Rxa2 29. Rd1 Qe7 30. g3 Kg7 31. Qa8 Qf6 32. Rf1
Qxc3 33. Qe4 Ra1 34. Rxa1 Qxa1+ 35. Kg2 a5 36. Qc4 Qe5 37. Qa4 h5 38. h4 Qb2
39. Kf1 Qb4 40. Qa1+ Kg8 41. Qf6 a4 42. Qd8+ Kg7 43. Qg5 Qc5 44. Qd2 Qe5 45.
Qb4 b5 46. Qa3 Qd4 47. Kg2 Qd5+ 48. Kg1 Qd1+ 49. Kg2 Qb3 50. Qa1+ Kg8 51. Qf6
Qd5+ 52. Kh2 a3 0-1

[Event "Ì15Ï "]
[Site "Loo"]
[Date "2017.04.20"]
[Round "1.44"]
[White "Áîêòàåâ, Àäüÿí."]
[Black "Ãîëîâàíñêèõ, Äìèòðèé."]
[Result "1-0"]
[WhiteElo "1759"]
[BlackElo "1447"]
[PlyCount "87"]
[EventDate "2017.04.20"]

1. d4 Nf6 2. c4 g6 3. Nc3 Bg7 4. e4 d6 5. f4 O-O 6. Nf3 c5 7. d5 Na6 8. Be2 Nc7
9. O-O h6 10. h3 Nh5 11. Kh2 Nf6 12. Be3 Bd7 13. e5 Nfe8 14. Qd2 Kh7 15. Bd3 f5
16. e6 Bc8 17. Qc2 Bxc3 18. bxc3 b5 19. Qf2 bxc4 20. Bxc4 Nf6 21. Rfd1 a5 22.
Qh4 Kg7 23. g4 fxg4 24. hxg4 Rh8 25. Ne5 g5 26. Qg3 gxf4 27. Bxf4 dxe5 28. Bxe5
Nce8 29. Qf3 Nd6 30. Bd3 Ba6 31. Bc2 Bb5 32. Kg2 Qe8 33. Rh1 Nc4 34. Bxf6+ exf6
35. Raf1 Qe7 36. Qe4 Ne5 37. Rf5 Ng6 38. Rg5 fxg5 39. Qxg6+ Kf8 40. Rh3 Be2 41.
d6 Qb7+ 42. Be4 Bf1+ 43. Kxf1 Qb5+ 44. Bd3 1-0

[Event "Ì15Ï "]
[Site "Loo"]
[Date "2017.04.20"]
[Round "1.45"]
[White "Òèòîâè÷, Ìèõàèë."]
[Black "Øèëüíèêîâ, Àíòîí."]
[Result "0-1"]
[WhiteElo "1440"]
[BlackElo "1757"]
[PlyCount "62"]
[EventDate "2017.04.20"]

1. d4 Nf6 2. c4 e5 3. e3 e4 4. Nc3 c6 5. Nge2 d5 6. Ng3 h5 7. cxd5 cxd5 8. Bb5+
Nc6 9. h3 a6 10. Bxc6+ bxc6 11. Bd2 Bd6 12. Nge2 Rb8 13. Rb1 g5 14. g3 h4 15.
g4 Nxg4 16. Qa4 Nf6 17. Qxc6+ Qd7 18. Qxd7+ Bxd7 19. Ng1 g4 20. hxg4 Bxg4 21.
Nce2 h3 22. Ng3 Bxg3 23. fxg3 h2 24. b3 hxg1=Q+ 25. Rxg1 Rh2 26. Rb2 Bf3 27.
Kf1 Ng4 28. Bc1 Rc8 29. Bd2 Rf2+ 30. Ke1 Re2+ 31. Kf1 Nh2# 0-1

[Event "Ì15Ï "]
[Site "Loo"]
[Date "2017.04.20"]
[Round "1.46"]
[White "Äàíçàíäîðæèåâ, Áóëàò."]
[Black "Ôèðñòîâ, Òèìóð."]
[Result "1-0"]
[WhiteElo "1754"]
[BlackElo "1412"]
[PlyCount "65"]
[EventDate "2017.04.20"]

1. d4 d6 2. e4 Nd7 3. c4 g6 4. Nc3 Bg7 5. Nf3 e5 6. Be2 Ne7 7. O-O O-O 8. d5 h6
9. Rb1 f5 10. b4 f4 11. Ne1 g5 12. Nd3 Nf6 13. f3 h5 14. c5 h4 15. h3 Nh5 16.
Rf2 Bd7 17. Bf1 Qc8 18. Rc2 Ng3 19. a4 Nxf1 20. Qxf1 Rf6 21. Ba3 Rg6 22. Nf2
Kh7 23. Rbc1 Ng8 24. Ncd1 Bxa4 25. Rc3 Bxd1 26. Qxd1 Bf8 27. b5 Rg7 28. cxd6
Rd7 29. Rxc7 Rxc7 30. Rxc7+ Qxc7 31. dxc7 Bxa3 32. d6 Rc8 33. Qd5 1-0

[Event "Ì15Ï "]
[Site "Loo"]
[Date "2017.04.20"]
[Round "1.47"]
[White "Ñòåïàíîâ, Ñåðãåé."]
[Black "Ìàðóñîâ, Àëåêñåé."]
[Result "1-0"]
[WhiteElo "1406"]
[BlackElo "1752"]
[PlyCount "55"]
[EventDate "2017.04.20"]

1. e4 c6 2. d4 d5 3. Nc3 dxe4 4. Nxe4 Bf5 5. Ng3 Bg6 6. Nf3 Nd7 7. Bd3 Bxd3 8.
Qxd3 e6 9. O-O Ngf6 10. c4 Be7 11. Bd2 O-O 12. Rfe1 Qc7 13. h3 Rad8 14. Qc2
Rfe8 15. Rad1 Bd6 16. Ne4 Nxe4 17. Qxe4 e5 18. dxe5 Nxe5 19. Nxe5 Rxe5 20. Qg4
h5 21. Qf3 g6 22. Bc3 Rf5 23. Qe3 f6 24. Qe6+ Qf7 25. Rxd6 Rxd6 26. Qxd6 Qxc4
27. Re8+ Kf7 28. Qf8# 1-0

[Event "Ì15Ï "]
[Site "Loo"]
[Date "2017.04.20"]
[Round "1.48"]
[White "Êëûêîâ, Ãåîðãèé."]
[Black "Êëþñ, Íèêèòà."]
[Result "1-0"]
[WhiteElo "1737"]
[BlackElo "1384"]
[PlyCount "123"]
[EventDate "2017.04.20"]

1. d4 d5 2. c4 e6 3. Nc3 Nf6 4. Bg5 Be7 5. e3 Nbd7 6. Qc2 a6 7. cxd5 Nxd5 8.
Nxd5 exd5 9. Bxe7 Qxe7 10. Qxc7 O-O 11. Nf3 Qe6 12. g3 Nf6 13. Ne5 Ne8 14. Qc3
f6 15. Nf3 Bd7 16. a4 Nd6 17. b3 Rfe8 18. Bg2 Ne4 19. Qb2 Rec8 20. O-O Qb6 21.
Ne1 f5 22. Nd3 Be6 23. Rfc1 Rab8 24. h4 Bf7 25. Bh3 g6 26. Bg2 Kg7 27. Ne5 Be6
28. b4 Ra8 29. Rab1 Rab8 30. Nd3 Rd8 31. Nc5 Bf7 32. Nxe4 fxe4 33. Rc5 Qd6 34.
b5 a5 35. Rbc1 b6 36. Rc6 Qd7 37. Rc7 Qe8 38. Bh3 Kh8 39. Qc3 Be6 40. Bxe6 Qxe6
41. Qc6 Qe8 42. Qxe8+ Rxe8 43. R1c6 Kg8 44. Kf1 Kh8 45. Ke2 Kg8 46. Kd2 Rf8 47.
Ke2 Rfe8 48. Kd2 Rf8 49. Ke2 Rfe8 50. Ra7 Rec8 51. Rcc7 Rxc7 52. Rxc7 Kh8 53.
Rc6 Kg7 54. Kf1 Kf7 55. Kg2 Kg7 56. Kh3 Rf8 57. Kg2 Rb8 58. g4 h5 59. gxh5 gxh5
60. Rd6 Rc8 61. Rc6 Rb8 62. Kg3 1-0

[Event "Ì15Ï "]
[Site "Loo"]
[Date "2017.04.20"]
[Round "1.49"]
[White "Èëüþøèí, Òèìîôåé."]
[Black "Öûáóëüêèí, Èâàí."]
[Result "0-1"]
[WhiteElo "1376"]
[BlackElo "1734"]
[PlyCount "92"]
[EventDate "2017.04.20"]

1. d4 d5 2. Nf3 Bf5 3. e3 e6 4. Bd3 Bg6 5. Bxg6 hxg6 6. Nbd2 Nf6 7. a3 Bd6 8.
b4 Nbd7 9. Bb2 O-O 10. Ne5 c6 11. f4 a5 12. c3 Qc7 13. Rc1 b6 14. g4 c5 15. a4
axb4 16. cxb4 c4 17. b5 Bb4 18. Bc3 Nxe5 19. dxe5 Bxc3 20. Rxc3 Nd7 21. Qc2 Qa7
22. Ra3 Nc5 23. Ke2 Qa5 24. g5 Qb4 25. Rha1 Ra7 26. Nb1 Nb3 27. R1a2 d4 28. Kf2
dxe3+ 29. Kg2 Rd8 30. Qc3 Qc5 31. Re2 Nd2 32. Ra1 Qd5+ 33. Kg1 Nf3+ 34. Kf1
Qd1+ 35. Re1 Nxe1 36. Qxe1 Qf3+ 37. Kg1 Rd1 38. Qxd1 Qxd1+ 39. Kg2 e2 40. Nc3
Qxa1 41. Nxe2 Rxa4 42. h4 Ra2 43. h5 Rxe2+ 44. Kf3 Qf1+ 45. Kg3 Rg2+ 46. Kh4
Qh1# 0-1

[Event "Ì15Ï "]
[Site "Loo"]
[Date "2017.04.20"]
[Round "1.50"]
[White "Ëèñèìåíêî, Ðóñëàí."]
[Black "Ìóðòàçèí, Ðàèô."]
[Result "1/2-1/2"]
[WhiteElo "1733"]
[BlackElo "1373"]
[PlyCount "62"]
[EventDate "2017.04.20"]

1. c4 e6 2. g3 d5 3. Bg2 Nf6 4. d4 c6 5. Nf3 Bd6 6. O-O O-O 7. Nfd2 e5 8. e4
dxe4 9. Nxe4 Nxe4 10. Bxe4 exd4 11. Qxd4 Bc7 12. Rd1 Qxd4 13. Rxd4 Be6 14. Na3
Be5 15. Rd1 g6 16. Rb1 Na6 17. Be3 Rfe8 18. b4 Bg4 19. f3 f5 20. b5 fxe4 21.
bxa6 exf3 22. axb7 Rab8 23. Bxa7 f2+ 24. Kxf2 Bxd1 25. Bxb8 Rxb8 26. Rxd1 Rxb7
27. Rd2 Ra7 28. Nb1 Rb7 29. Na3 Ra7 30. Nb1 Rb7 31. Na3 Ra7 1/2-1/2

[Event "Ì15Ï "]
[Site "Loo"]
[Date "2017.04.20"]
[Round "1.51"]
[White "Àíòîíîâ, Àíäðåé."]
[Black "Áàëàøîâ, Åãîð."]
[Result "0-1"]
[WhiteElo "1373"]
[BlackElo "1729"]
[PlyCount "100"]
[EventDate "2017.04.20"]

1. e4 e6 2. c4 d5 3. cxd5 exd5 4. exd5 Nf6 5. Bb5+ Bd7 6. Bc4 Bd6 7. Nf3 O-O 8.
O-O Bg4 9. h3 Bh5 10. Nc3 Nbd7 11. d4 Nb6 12. Bb3 a5 13. a3 Re8 14. Bg5 h6 15.
Be3 Qd7 16. Re1 a4 17. Ba2 Bf8 18. Rc1 Rac8 19. Kh2 Nfxd5 20. Nxd5 Nxd5 21. Ne5
Rxe5 22. g4 Re4 23. gxh5 Rce8 24. Qf3 Bd6+ 25. Kh1 Nf4 26. Bxf4 Rxe1+ 27. Rxe1
Rxe1+ 28. Kg2 Bxf4 29. Qxf4 Qc6+ 30. d5 Qc1 31. Qxc1 Rxc1 32. d6 cxd6 33. Bd5
b5 34. b3 Rc5 35. Be4 axb3 36. Bd3 b2 37. f4 Rc1 38. Kf2 b1=Q 39. Bxb1 Rxb1 40.
Ke2 Rb3 41. h4 Rxa3 42. f5 b4 43. f6 d5 44. Kd2 Rc3 45. fxg7 d4 46. Kd1 b3 47.
Kd2 b2 48. Ke2 b1=Q 49. Kf2 Qb2+ 50. Ke1 Rc1# 0-1

[Event "Ì15Ï "]
[Site "Loo"]
[Date "2017.04.20"]
[Round "1.52"]
[White "Äçàãîâ, Êàìáóëàò."]
[Black "Ðÿõîâñêèé, Ìàðê."]
[Result "1-0"]
[WhiteElo "1727"]
[BlackElo "1364"]
[PlyCount "95"]
[EventDate "2017.04.20"]

1. e4 c5 2. Nf3 d6 3. Bb5+ Bd7 4. Bxd7+ Qxd7 5. O-O Nc6 6. c3 Nf6 7. Re1 e6 8.
d4 cxd4 9. cxd4 Be7 10. Nc3 O-O 11. e5 dxe5 12. dxe5 Qxd1 13. Rxd1 Ng4 14. Rd7
Bc5 15. Ne4 Ngxe5 16. Nxe5 Nxe5 17. Rxb7 Bb6 18. Bd2 Nd3 19. Bc3 f5 20. Rxg7+
Kh8 21. Rg3+ e5 22. Rxd3 fxe4 23. Bxe5+ Kg8 24. Rg3+ Kf7 25. Rd1 Bxf2+ 26. Kxf2
Ke6+ 27. Ke3 Kxe5 28. Rg5+ Kf6 29. Rgd5 Rg8 30. g3 Rgb8 31. b3 Re8 32. h3 Rac8
33. Rd6+ Kf7 34. Rd7+ Kg8 35. Rxa7 Rc3+ 36. Kf4 Rf3+ 37. Kg4 h5+ 38. Kxh5 Rxg3
39. Kh4 Rg2 40. Ra5 Kh7 41. Rh5+ Kg6 42. Rd6+ Kf7 43. Rh7+ Kg8 44. Rhh6 Rxa2
45. Rhg6+ Kh7 46. Rg5 e3 47. Kh5 e2 48. Rh6# 1-0

[Event "Ì15Ï "]
[Site "Loo"]
[Date "2017.04.20"]
[Round "1.53"]
[White "Àðõèí÷ååâ, Âëàä."]
[Black "Àáäóðàèìîâ, Ýñìåò."]
[Result "0-1"]
[WhiteElo "1285"]
[BlackElo "1720"]
[PlyCount "44"]
[EventDate "2017.04.20"]

1. e4 c5 2. Nf3 d6 3. d4 cxd4 4. Nxd4 Nf6 5. Nc3 g6 6. f3 Bg7 7. Be3 O-O 8. Qd2
Nc6 9. O-O-O d5 10. h4 h5 11. Nxc6 bxc6 12. exd5 cxd5 13. Nxd5 Nxd5 14. Qxd5
Qc7 15. Qc5 Qb7 16. Bd4 Bf5 17. c3 Rac8 18. Qxa7 Bh6+ 19. Rd2 Qxa7 20. Bxa7
Rfd8 21. Bd4 Bxd2+ 22. Kxd2 e5 0-1

[Event "Ì15Ï "]
[Site "Loo"]
[Date "2017.04.20"]
[Round "1.54"]
[White "Áîíäàðåíêî, Àðò¸ì."]
[Black "Ìõèòàðÿí, Êàðåí."]
[Result "1-0"]
[WhiteElo "1720"]
[BlackElo "1280"]
[PlyCount "49"]
[EventDate "2017.04.20"]

1. e4 c5 2. Nf3 Nc6 3. d4 cxd4 4. Nxd4 e6 5. Nb5 Bc5 6. Qg4 Qb6 7. Qg3 Nge7 8.
Nc7+ Kf8 9. Nxa8 Qb4+ 10. Nc3 Ng6 11. a3 Qa5 12. Qc7 Qxc7 13. Nxc7 a6 14. Be3
Bd6 15. Bb6 Nge7 16. O-O-O Bf4+ 17. Kb1 f5 18. g3 Be5 19. exf5 Nxf5 20. f4 Bf6
21. Bc5+ Kf7 22. Na8 Bd8 23. Nb6 d6 24. Nxc8 dxc5 25. Nd6+ 1-0

[Event "Ì15Ï "]
[Site "Loo"]
[Date "2017.04.20"]
[Round "1.55"]
[White "Þñóïîâ, Ìàðê."]
[Black "Êóìàðãàëèåâ, Ìàðñåëü."]
[Result "0-1"]
[WhiteElo "1280"]
[BlackElo "1716"]
[PlyCount "144"]
[EventDate "2017.04.20"]

1. Nf3 Nf6 2. d4 g6 3. Bf4 Bg7 4. Nc3 d5 5. e3 O-O 6. Bd3 c6 7. h3 Nbd7 8. O-O
Re8 9. e4 dxe4 10. Nxe4 Nxe4 11. Bxe4 Nf6 12. Bd3 Qb6 13. Rb1 Nd5 14. Be5 f6
15. Bh2 Be6 16. Re1 Bf7 17. c3 Qd8 18. Bc4 a5 19. a3 Bh6 20. a4 Qd7 21. Bb3 b5
22. axb5 cxb5 23. c4 a4 24. Ba2 Nb4 25. Ra1 Nxa2 26. Rxa2 Bxc4 27. Ra1 Rad8 28.
Re4 Bg7 29. Re1 Bd5 30. Rc1 Rc8 31. Rc3 Rxc3 32. bxc3 Qc6 33. Qd2 e6 34. Qe3
Rc8 35. Rc1 Qe8 36. Re1 Qf8 37. Bf4 Qa3 38. Rc1 b4 39. cxb4 Rxc1+ 40. Qxc1 Qxb4
41. Bd2 Qb8 42. Ne1 Bf8 43. Nc2 Qb3 44. Na1 Qb7 45. f3 Bd6 46. Bc3 a3 47. Qc2
Bb8 48. Kf2 Ba7 49. Qa4 a2 50. Ke2 Kg7 51. Kd2 Bb8 52. Qa3 Bf4+ 53. Ke2 Qb5+
54. Kf2 Qb7 55. Qa4 Bd6 56. Ke2 Qc7 57. Qa5 Qxa5 58. Bxa5 e5 59. Bc3 exd4 60.
Bxd4 Be5 61. Bxe5 fxe5 62. Ke3 Kf6 63. g3 Kf5 64. Nc2 Bb3 65. Na1 Bd1 66. Kf2
e4 67. fxe4+ Kxe4 68. Kg1 Kf3 69. Kh2 Ba4 70. h4 Ke4 71. Kg2 Bc6 72. Kf2 Kd3
0-1

[Event "Ì15Ï "]
[Site "Loo"]
[Date "2017.04.20"]
[Round "1.56"]
[White "Ùåïåòíîâ, Åãîð."]
[Black "Ïðèùåíêî, Àíäðåé."]
[Result "1-0"]
[WhiteElo "1711"]
[BlackElo "1280"]
[PlyCount "91"]
[EventDate "2017.04.20"]

1. d4 Nf6 2. c4 e6 3. Nc3 d5 4. Nf3 c5 5. dxc5 Bxc5 6. cxd5 Nxd5 7. Nxd5 Qxd5
8. Qxd5 exd5 9. e3 Nc6 10. Bb5 f6 11. Bd2 Bd7 12. Rc1 Bb6 13. Bc3 O-O 14. O-O
a6 15. Ba4 Rac8 16. Rcd1 Be6 17. Nd4 Bxd4 18. Bxd4 Nxd4 19. Rxd4 Rc4 20. Rfd1
Rfc8 21. f3 Rxd4 22. Rxd4 Rc4 23. Kf2 b5 24. Bb3 Rxd4 25. exd4 Kf7 26. Ke3 g5
27. h3 Ke7 28. g4 Kd6 29. Bc2 Bg8 30. f4 a5 31. a4 bxa4 32. Bxa4 Bf7 33. f5 h5
34. Kd3 Kc7 35. Kc3 hxg4 36. hxg4 Kb6 37. b4 axb4+ 38. Kxb4 Bg8 39. Be8 Bh7 40.
Bf7 Kc6 41. Ka5 Kd6 42. Kb6 Bxf5 43. gxf5 g4 44. Bh5 g3 45. Bf3 Kd7 46. Kc5 1-0

[Event "Ì15Ï "]
[Site "Loo"]
[Date "2017.04.20"]
[Round "1.57"]
[White "Íàãèáèí, Äàíèëà."]
[Black "Ðóäîâñêèé, Ôèëèïï."]
[Result "0-1"]
[WhiteElo "1239"]
[BlackElo "1710"]
[PlyCount "96"]
[EventDate "2017.04.20"]

1. d4 Nf6 2. c4 g6 3. Nc3 d5 4. Bf4 Bg7 5. e3 O-O 6. Nf3 c5 7. Be2 Qa5 8. O-O
dxc4 9. Bxc4 Nc6 10. a3 Bg4 11. dxc5 Qxc5 12. Be2 Nh5 13. Nd4 Nxf4 14. Bxg4
Nxd4 15. exf4 Rad8 16. Qc1 h5 17. Be2 Nb3 18. Na4 Nxc1 19. Nxc5 Nxe2+ 20. Kh1
b6 21. Rfe1 Nxf4 22. Na4 Rd2 23. Rxe7 b5 24. Nc3 Rxb2 25. Ne4 Re2 26. Rb1 f5
27. g3 Rxe4 28. Rxe4 fxe4 29. gxf4 Rxf4 30. Kg2 Bd4 31. Rxb5 Rxf2+ 32. Kg3 Rf3+
33. Kg2 Rxa3 34. Rb8+ Kg7 35. Rb7+ Kf6 36. Rd7 Be5 37. Rd8 e3 38. Kf3 Bxh2 39.
Ke2 Bf4 40. Kd1 Ra2 41. Re8 h4 42. Ke1 h3 43. Kf1 h2 44. Rh8 e2+ 45. Kg2 e1=Q+
46. Kf3 Qe3+ 47. Kg4 Rg2+ 48. Kh4 h1=R# 0-1

[Event "Ì15Ï "]
[Site "Loo"]
[Date "2017.04.20"]
[Round "1.58"]
[White "Åðîõèí, Àðòåì."]
[Black "Øïóðîâ, Àëåêñàíäð."]
[Result "1-0"]
[WhiteElo "1705"]
[BlackElo "1237"]
[PlyCount "77"]
[EventDate "2017.04.20"]

1. e4 c5 2. c3 d5 3. exd5 Qxd5 4. d4 cxd4 5. cxd4 Nc6 6. Nf3 Bg4 7. Nc3 Qd7 8.
d5 Bxf3 9. gxf3 O-O-O 10. dxc6 Qxc6 11. Qe2 g6 12. Bd2 Bg7 13. Rc1 Kb8 14. Bf4+
e5 15. Bxe5+ Bxe5 16. Qxe5+ Ka8 17. Be2 Nf6 18. O-O Rhe8 19. Qa5 b6 20. Qa6 Qb7
21. Qxb7+ Kxb7 22. Bb5 Re5 23. Rfe1 Rg5+ 24. Kh1 Rc5 25. Re7+ Kb8 26. Rce1 Rf5
27. Rxf7 Rxf3 28. Ree7 Nd7 29. Rxf3 Nc5 30. b4 Nb7 31. Ne4 Rd1+ 32. Kg2 Kc8 33.
Ba6 Rd7 34. Rff7 Rxe7 35. Rxe7 Kd8 36. Rxb7 Ke8 37. Nf6+ Kf8 38. Bc4 b5 39.
Rf7# 1-0

[Event "Ì15Ï "]
[Site "Loo"]
[Date "2017.04.20"]
[Round "1.59"]
[White "Òåáëîåâ, Ðóñòåì."]
[Black "Ñòÿæêèí, Íèêèòà."]
[Result "0-1"]
[WhiteElo "1234"]
[BlackElo "1703"]
[PlyCount "96"]
[EventDate "2017.04.20"]

1. d4 Nf6 2. Bg5 h6 3. Bxf6 exf6 4. c4 d5 5. Nf3 Nc6 6. cxd5 Qxd5 7. Nc3 Bb4 8.
Qd3 Bf5 9. Qd2 Bxc3 10. bxc3 O-O 11. e3 Be4 12. Be2 Rad8 13. O-O Rfe8 14. c4
Qf5 15. Rad1 Qg6 16. Bd3 Bxd3 17. Qxd3 Qxd3 18. Rxd3 Ne5 19. Nxe5 fxe5 20. d5
Rd6 21. h3 Red8 22. Rfd1 f5 23. f3 Kf7 24. c5 Ra6 25. d6 cxd6 26. cxd6 Ke6 27.
d7 b5 28. Rd5 Rb6 29. Kh2 a6 30. e4 fxe4 31. fxe4 a5 32. R1d3 a4 33. g4 b4 34.
Ra5 b3 35. axb3 axb3 36. Ra3 b2 37. Rab3 b1=Q 38. Rxb1 Rxb1 39. Ra3 Rxd7 40.
Ra6+ Rd6 41. Ra7 Rb3 42. Ra2 Re3 43. Kg2 Rdd3 44. Ra6+ Kf7 45. Ra7+ Kg6 46. h4
Rd2+ 47. Kf1 Rh3 48. Ra6+ Kh7 0-1